000 00625nam a2200229Ia 4500
003 OSt
005 20220923211628.0
006 a|||||r|||| 00| 0
007 ta
008 Pun
024 _a30,035
037 _cTextual
040 _aARTS
_cARTS
_bPun
041 _2Pun
_aPun
082 _aO111,3L80,HB, 153J5
100 _aਕਿਰਮਾਨੀ, ਅਹਿਮਦ
_9156369
245 0 _aਹਾਜੀ ਬਾਬਾ
260 _c1955
650 _aਅੰਗ੍ਰੇਜੀ ਸਾਹਿਤ
942 _hO111,3L80,HB, 153J5
_cTEXL
_2CC
999 _c301709
_d301709